00000000nam##2200000za#4500
0019.531074
003CaOODSP
00520200401015435
007ta
008150406|1998||||xxc|||||     f|0| 0 eng|d
020 |a0-660-60705-0
040 |aCaOODSP|beng
041 |aeng
041 |afre
043 |an-cn---
0861 |aBT31-4/38-1998
1101 |aCanada. |bTreasury Board.
24510|aDepartment of Foreign Affairs and International Trade
260 |aOttawa - Ontario : |bTreasury Board of Canada Secretariat |c1998.
300 |aEnglish text, 60p. : |btables ; |c28 cm.
4901 |aPerformance report for the period ending March 31, 1998
546 |aBilingual
563 |aSoftcover
590 |a98-45|b1998-11-06
7760#|tMinistère des Affaires étrangères et du Commerce international, rapport sur le rendement pour la période se terminant le 31 mars 1998 |w(CaOODSP)9.600113
7760#|tDepartment of Foreign Affairs and International Trade, performance report for the period ending March 31, 1998 |w(CaOODSP)9.568850
792 |tMinistère des Affaires étrangères et du Commerce international|efre|w(CaOODSP)9.531075
830#0|aPerformance report for the period ending March 31, 1998.|w(CaOODSP)9.508974